zpět

Detail výsledku týmu

Hasičárna Na Vyhlídce, Ostrava

Datum a čas kvízu

36 Celkem bodů Celkový počet nahraných bodů na tomto kvízu bez doplňovacích otázek.
5. Pořadí na kvízu Konečné umístění týmu na tomto kvízu.

Zaznamenané odpovědi

# Otázka Odpověď Body Výsledky
1. Jedno ze zvířat, které pražská... kůň Převalského 1
2. Která sopka se v pondělí probu... Etna 1
3. Jeden 52letý český herec známý... Hynek Čermák 1
4. V návaznosti na jistou událost... o Teslu 1
5. České reprezentantky v pátek o... o volejbalu 1
6. Který slavný muž sepsal na kon... Eukleidés 0
7. Nyní uvidíte krátký úryvek z p... Bible 0
8. Charles Darwin strávil v roce... Galapágy; pěnkavy 0.5
9. Za půl bodu uveďte, ze kterého... Komunistický manifest (Manifest Komunistické strany); Marx a Engels 1
10. Ať už jste či nejste fanoušky... Medek, Pavel a Vladimír 0